Quizzes
Events
Quiz Creation
Community
Videos
Private Events
Remove Ads
Sign In
Join for FREE
Feedback
Dark Mode
Quiz Categories
Sports
Geography
Music
Movies
Television
Just For Fun
Miscellaneous
History
Literature
Language
Science
Gaming
Entertainment
Religion
Holiday
For Kids
Quiz Lab
Recent
Popular Today
Quiz Kudos Today
Editor Picks
Curator Picks
Quizzes by...
Day
Popularity
Type
Ratings
Length
Year
Community
Subscriptions
Recent Discussions
Orange Saloon
Badges
Playlists
Quests
Create
Leaderboards
Showdown
Live 5
Trivia Bingo
Activity
Puzzle Library
Sporcle Events
Private Events
Virtual Trivia
Globe League
Become a Host
Pub Owners
SporcleCon
Opinionation
Our Games
Videos
Blog
Mobile Apps
Partnerships
Remove Ads and Go Orange
Feedback
Language
Vocabulary
Begins and Ends
Definition
Spanish
French
German
Italian
Chinese
Latin
Translation
Japanese
Language
Vocabulary
Begins and Ends
Definition
Spanish
French
German
Italian
Chinese
Latin
Translation
Japanese
Random Quiz
Search Sporcle
×
Quiz Lab
Quiz Lab
Language
Italian
Type in answers that appear in a list
Type in answers that appear in a list
Classic
Best Score? Go Orange.
To be- Italian Stats
Can you name the Italian conjugations of essere?
By
xtremeram729
60s
6 Questions
157 Plays
157 Plays
157 Plays
Comments
Comments
Give Quiz Kudos
Give Quiz Kudos
-
- Ratings
hide this ad
Forced Order
Answers have to be entered in order
Answers have to be entered in order
Replay
Link that replays current quiz
Next Quiz
Link to next quiz in quiz playlist
You Got
0%
They Got
Avg Score
92%
Avg Friend Score
Upgrade to see
Score Distribution
Jump to the score distribution portion of the page
Score
0/6
Timer
01:00
0
Plays Today
subject Pronoun
Italian
% Correct
io
sono
98.1%
lui/
lei
e
95.5%
tu
sei
94.9%
loro
sono
91.1%
noi
siamo
90.4%
voi
siete
84.7%
Quiz Playlist
Details
Report
Send in Message
Add To Playlist
Classic:
Type in answers that appear in a list
Forced Order:
Answers have to be entered in order
Quiz Source
Last Updated: Feb 16, 2017
Quiz Scoreboard
CHALLENGE
Sign Up to Join the Scoreboard
Show All
Scores
Hide
Comments
May contain spoilers
Recently Published
NBA Finals Game Top Scorers (2010s)
by flibbidy
Sports
5m
Guess the 'R' Things in 3 Words
by MSUKent
Miscellaneous
3m
Actor to Badly Drawn Movie III
by MoMosMoProblems
Movies
5m
More to Explore
Quiz From the Vault
Featured Blog Post
Where Does Lost Luggage Go?
hide this ad
You Might Also Like...
Tags
Italian Quiz
conjugation
Essere
pronoun
subject
Today's Top Quizzes in Language
Browse Language
hide this ad
Today's Top Quizzes in Italian
Browse Italian
Top Contributed Quizzes in Language
1
Einsilbige Reime auf Chips
2
Linguistic Evolution! (V)
3
Trivia Jigsaw: Language
4
Guess the Word in 3 Words
5
One-Minute Crossword CCLVI
6
Here... Let me make up a word for that
7
1960s Slang
8
Hiragana Speed Reading
9
AP Lang. Literary Terms
10
One-Minute Crossword CCLV
Explore More
Trending Topics
Anime
Harry Potter
Disney
Marvel
Crossword
Kpop
NBA
Soccer
NFL
The Office
Puzzle
Pokémon
Country
WWE
Song
hide this ad
More By:
xtremeram729
Quiz
Plays
Rating
Category
Featured
Created
Top 3 Players on Each MLB team (ESPN)
6,581
2.02
Sports
Jun 5, 2010
Best NFL records 2000-2008
3,573
3.68
Sports
Dec 9, 2009
NBA Point Guards
2,414
1.89
Sports
Jun 11, 2010
NFL's 2008 Passing Leaders
1,862
4.00
Sports
Oct 26, 2009
NFL's 2008 Rushing Leaders
1,858
4.00
Sports
Oct 25, 2009
Go to Creator's Profile
Score Distribution
Quiz Creator Spotlight
xtremeram729
Follow
Send a Message
Quizzes Created
-
Created Quiz Play Count
-
More By This Creator
Popular Quizzes Today
1
Find the US States - No Outlines Minefield
2
Find the US States
3
The Countries of the World
4
10 Largest US States in Order
5
Find the Countries of Europe - No Outlines Minefield
6
US States
7
Guess the 'R' Things in 3 Words
8
NBA Finals Game Top Scorers (2010s)
More Language Quizzes
Change a Letter Slideshow III
Published
Trending Quizzes
First Name TV: Leading Men
Match the Book to the Film II
First Name TV: Leading Women Drama
Match the Book to the Film VI
Pick A Pair: Religious TV
Recently Updated
Women's Final Four Teams by Year
bhenderson79
Presidents Quartet II
eogle
Anything But Clue(do)
eogle
Anything But Oceanian Capitals
eogle
Anything But 7
eogle
Anything But Thing
eogle
Word Ladder: February 29
pecheneg
Song Title Questions
pecheneg
Women's NCAA Tournament #1 Seeds
pecheneg
Celebrity Mug Shots
pecheneg
Trending Topics
Disney
Marvel
Crossword
Kpop
NBA
Anime
Harry Potter
Soccer
Country
The Office
Song
WWE
NFL
Pokémon
Puzzle
Your Account Isn't Verified!
In order to create a playlist on Sporcle, you need to verify the email address you used during registration. Go to your
Sporcle Settings
to finish the process.
Report this User
Report this user for behavior that violates our
Community Guidelines
.
Details:
Send Report
Go to the Sporcle.com Mobile Site →
Comments